Que mis palabras te acompañen (Registro nro. 1196)
[ vista simple ]
| 000 -Cabecera | |
|---|---|
| Campo de control de longitud fija | 00550aam a2200229 4500 |
| 005 - Fecha y hora de la última transacción | |
| Campo de control | 20231010172846.0 |
| 008 - Elementos de longitud fija--Información general | |
| Campo de control de longitud fija | 150604b xxu||||| |||| 00| 0 spa d |
| 041 ## - Idioma | |
| Código de idioma | |
| 082 ## - Clasificación Decimal Dewey | |
| Número de clasificación | 155.23 G589q |
| 100 ## - Entrada principal--Autor personal | |
| Nombre personal | Godoy, Emma |
| 9 (RLIN) | 23402 |
| 245 ## - Título propiamente dicho | |
| Título | Que mis palabras te acompañen |
| 260 ## - Pie de imprenta | |
| Lugar de publicación, distribución, etc. | México |
| 260 ## - Pie de imprenta | |
| Nombre del editor, distribuidor, etc. | Mondadori |
| 260 ## - Pie de imprenta | |
| Fecha de publicación, distribución, etc. | 1999 |
| 300 ## - Descripción física | |
| Extensión | 353 páginas |
| 650 ## - Materia general | |
| Temática (materia general) | PERSONALIDAD |
| 650 ## - Materia general | |
| Temática (materia general) | PLAN DE VIDA |
| 650 ## - Materia general | |
| Temática (materia general) | SUPERACIÓN PERSONAL |
| 650 ## - Materia general | |
| Temática (materia general) | AMOR |
| 650 ## - Materia general | |
| Temática (materia general) | JOVENES |
| 942 ## - Punto de acceso adicional KOHA | |
| Tipo de ítem KOHA | Literatura |
| Fuente del sistema de clasificación o colocación | Dewey Decimal Classification |
| Signatura completa | Código de barras | Tipo de ítem |
|---|---|---|
| 155.23 G589q | 10009 | Literatura |